LEADER 03210nam0 22004573i 450 001 BVEE049337 005 20170908093226.0 012 $ac*i* i-o- e-t. sect (3) 1616 (R)$2fei$9Dittonghi ae 100 $a20050303d1616 ||||0itac50 ba 101 | $alat 102 $abe 181 1$6z01$ai $bxxxe 182 1$6z01$an 200 1 $a˜Ioannis Malderi episcopi Antuerpiensis, ... œDe virtutibus theologicis et iustitia et religione commentaria ad secundam secundae D. Thomae 210 $aAntuerpiae$cex officina Plantiniana$capud Balthasarem et Ioannem Moretos fratres$d1616$eAntuerpiae$gex officina Plantiniana$gapud Balthasarem et Ioannem Moretos fratres$h1616 215 $a\8!, 804, \60! p.$cfront. calcogr.$dfol 300 $aMarca non controllata (Compasso : labore et constantia) in fine 300 $aSegn.: *⁴ A-4C⁶. 316 $a1 v. (Timbro RB in rosso sul front.)$5IT-NA0079, V.F. 8 E 11 316 $a1 v. - Mutilo della c. 4C6(bianca). - Timbro RB sul front.$5IT-NA0079, V.F. 8 E 11 620 $aBE$dAnversa$3UBOL000154 700 1$aMalderus$b, Johannes$f <1563-1633>$3RMSV050507$4070$0744190 712 02$aOfficina Plantiniana$c $3BVEV018026$4650 712 02$aMoretus Balthasar$c <1> & Moretus, Jean <2>$3UBOV122058$4650 790 1$aMalder$b, Joannes$3BVEV104323$zMalderus, Johannes <1563-1633> 790 1$aMalderen$b, Jan : van$3BVEV104324$zMalderus, Johannes <1563-1633> 790 1$aMalder$b, Jean$3BVEV104325$zMalderus, Johannes <1563-1633> 791 02$aPlantiinsche Druckeriie$c $3BVEV098550$zOfficina Plantiniana 791 02$aImprimerie plantinienne$c $3SBNV005219$zOfficina Plantiniana 791 02$aTypographia Plantiniana$c $3UBOV397367$zOfficina Plantiniana 791 02$aMoretus, Jean <2> & Moretus, Balthasar <1>$3UBOV122059$zMoretus Balthasar <1> & Moretus, Jean <2> 801 3$aIT$bIT-NA0079$c20050303 850 $aIT-NA0079 899 1$aBiblioteca Nazionale Vittorio Emanuele III$bNA0079$42 esemplari$eS$uhttp://books.google.com/books?vid=IBNN:BNANT001740830 912 $aBVEE049337 921 $aBVEM000430$bIn cornice: da una nuvola esce una mano che traccia un cerchio con un compasso. Due figure laterali. Motto: Labore et costantia.$cD17807$dSul front. 950 0$aBiblioteca Nazionale Vittorio Emanuele III$c1 v.$d BNV.F. 8 E 11$e BN 0006207125 C 1 v. (Timbro RB in rosso sul front.)$fC $h20130826$i20130826$lTimbro RB in rosso sul front.$mTimbri storici della biblioteca proprietaria$c1 v. - Mutilo della c. 4C6(bianca). - Timbro RB sul front.$d BNSALA FARN.08. G 0029$e BNANT0017408305 B 1 v. - Mutilo della c. 4C6(bianca). - Timbro RB sul front.$fC $h20050303$i20050303 956 $aBiblioteca Nazionale Vittorio Emanuele III$b1$c$d$eBNANT001740830$uhttp://books.google.com/books?vid=IBNN:BNANT001740830$z BNSALA FARN.08. G 0029 977 $a BN 996 $aDe virtutibus theologicis et iustitia et religione commentaria ad secundam secundae D. Thomae$91481892 997 $aUNISANNIO